000 00507nam a2200181Ia 4500
005 20250508154303.0
008 008 250505s9999 xx 000 0 eng d
037 _aTextual
040 _aFEDL
_beng
_cFEDL
041 _aeng
_2eng
084 _a370.1, SMI
_qFEDL
100 _aSmith Philip G.
_9763078
245 0 _aPhilosophy of education
260 _aNew York, USA
_bHarper and Brothers Publishers
_c1965
300 _ax,276p.
942 _cTEXL
_h370.1, SMI
999 _c1349375
_d1349375